000 00440nam a2200169Ia 4500
003 GCL
008 140319s9999 xx 000 0 ara d
040 _aGCL /
_cGCL
082 0 4 _a109
_bم م
100 1 _aمحمد ثابت الفندى
245 1 0 _aمع الفيلسوف /
_cمحمد ثابت الفندى
300 _a285 ص
490 _a
650 0 4 _aالمعرفة
650 0 4 _aالفلسفة - نظريات
942 _2ddc
_cBK
999 _c37588
_d37588